[Event "34. Copenhagen Open (Politiken Cup)"]
[Site "Elsinore"]
[Date "2012.07.29"]
[Round "2"]
[White "Schultz Pedersen, Jesper"]
[Black "Jensen, Ib"]
[Result "1-0"]
[WhiteElo "2172"]
[BlackElo "1986"]
[PlyCount "77"]
[EventDate "2012.07.28"]
[EventType "swiss"]
[EventRounds "10"]
[EventCountry "DEN"]
[Source "ChessBase"]
[SourceDate "2012.08.24"]

1. e4 e5 2. Nf3 d6 3. Nc3 Nf6 4. d4 exd4 5. Qxd4 Be7 6. Be3 O-O 7. h3 Nc6 8.
Qd2 Be6 9. Rd1 Nd7 10. Be2 Nde5 11. O-O Nxf3+ 12. Bxf3 Ne5 13. Be2 Nc4 14. Bxc4
Bxc4 15. Rfe1 Bf6 16. b3 Bxc3 17. Qxc3 Be6 18. Bd4 f6 19. Qg3 Qe8 20. c4 Qf7
21. Rd2 a6 22. c5 dxc5 23. Bxc5 Rfd8 24. Red1 Rxd2 25. Rxd2 b6 26. Be3 Re8 27.
Bf4 c6 28. Rd6 Rc8 29. Be3 b5 30. Bc5 Qe8 31. Qd3 g6 32. Qc3 Qf7 33. f4 f5 34.
Qe5 Re8 35. Bd4 Kf8 36. Rxc6 fxe4 37. Rc7 Bd7 38. Qd6+ Re7 39. Rxd7 1-0

[Event "34. Copenhagen Open (Politiken Cup)"]
[Site "Elsinore"]
[Date "2012.07.29"]
[Round "2"]
[White "Skjolas, Erling Dyrhaug"]
[Black "Nielsen, Kai Gylling"]
[Result "0-1"]
[WhiteElo "1581"]
[BlackElo "1888"]
[PlyCount "116"]
[EventDate "2012.07.28"]
[EventType "swiss"]
[EventRounds "10"]
[EventCountry "DEN"]
[Source "ChessBase"]
[SourceDate "2012.08.24"]

1. e4 c5 2. Nf3 Nc6 3. d4 cxd4 4. Nxd4 e5 5. Nf3 Nf6 6. Nc3 Bb4 7. Bd3 d6 8.
O-O Bxc3 9. bxc3 Bg4 10. Bc4 Qc7 11. Qd3 O-O 12. Ba3 Rfd8 13. Rfd1 Ne8 14. Rd2
Rd7 15. h3 Bh5 16. Bb5 Bxf3 17. Qxf3 a6 18. Bc4 Rad8 19. Rad1 Na5 20. Bb3 Nc4
21. Bxc4 Qxc4 22. Ra1 h6 23. Qd3 Qc6 24. Rb1 Nf6 25. Re2 d5 26. exd5 Rxd5 27.
Qe3 e4 28. Rb6 Rd1+ 29. Kh2 Qc7+ 30. g3 Nd5 31. Qc5 Qxb6 32. Qxb6 Nxb6 33. Rxe4
Nd5 34. Rc4 Rd2 35. Kg1 Re8 36. Bc5 Re1+ 37. Kg2 Rxc2 38. Rd4 Nxc3 39. Rc4 Ree2
40. Bd4 Nd1 41. Rxc2 Rxc2 42. a3 Ra2 43. Bc5 b6 44. Bxb6 Rxa3 45. Kf1 Nc3 46.
Ke1 Ra2 47. Kf1 a5 48. Kg2 a4 49. Kf3 Nd5 50. Bc5 Rc2 51. Bd6 a3 52. Bxa3 Rc3+
53. Ke4 Nf6+ 54. Kf4 Rxa3 55. h4 g5+ 56. hxg5 hxg5+ 57. Kf5 Rf3+ 58. Kxg5 Rxf2
0-1

[Event "34. Copenhagen Open (Politiken Cup)"]
[Site "Elsinore"]
[Date "2012.07.29"]
[Round "2"]
[White "Skjoldager, Mikael"]
[Black "Danielsen, Henrik"]
[Result "0-1"]
[WhiteElo "2077"]
[BlackElo "2511"]
[PlyCount "88"]
[EventDate "2012.07.28"]
[EventType "swiss"]
[EventRounds "10"]
[EventCountry "DEN"]
[Source "ChessBase"]
[SourceDate "2012.08.24"]

1. d4 Nf6 2. c4 e6 3. g3 d5 4. Nf3 Bb4+ 5. Bd2 Be7 6. Bg2 c6 7. Qc2 b6 8. cxd5
cxd5 9. O-O O-O 10. Rc1 Ba6 11. Nc3 Nc6 12. Qa4 Bb7 13. Bf1 a6 14. e3 b5 15.
Qd1 Bd6 16. a4 b4 17. Ne2 Qe7 18. Nf4 Rfc8 19. Nd3 Ne4 20. Be1 Na5 21. Nd2 Nf6
22. Nb3 Nxb3 23. Qxb3 a5 24. Rxc8+ Rxc8 25. Nc1 e5 26. Qd1 exd4 27. exd4 Bc7
28. Nb3 Bb6 29. Rc1 h6 30. Rxc8+ Bxc8 31. Qc1 Bd7 32. Bb5 Bf5 33. Bd2 Qe4 34.
Qe1 Qc2 35. Nc5 Qxb2 36. Qe5 Qxd2 37. Qxf5 Qd1+ 38. Kg2 Qxd4 39. Qc8+ Kh7 40.
Nd3 Qe4+ 41. Kg1 Ng4 42. Qe8 Qf3 43. Qe1 g6 44. h3 Qxg3+ 0-1

[Event "34. Copenhagen Open (Politiken Cup)"]
[Site "Elsinore"]
[Date "2012.07.29"]
[Round "2"]
[White "Skovgaard, Ib"]
[Black "Larsen, Peter"]
[Result "0-1"]
[WhiteElo "2006"]
[BlackElo "2206"]
[PlyCount "80"]
[EventDate "2012.07.28"]
[EventType "swiss"]
[EventRounds "10"]
[EventCountry "DEN"]
[Source "ChessBase"]
[SourceDate "2012.08.24"]

1. e4 c5 2. Nf3 Nc6 3. d4 cxd4 4. Nxd4 e5 5. Nb5 d6 6. N1c3 a6 7. Na3 b5 8. Nd5
Be7 9. c3 Nf6 10. Bd3 Nxd5 11. exd5 Nb8 12. Nc2 Bb7 13. a4 bxa4 14. Ne3 O-O 15.
Qg4 g6 16. Rxa4 Nd7 17. Bc2 a5 18. c4 Nc5 19. Ra3 Bc8 20. Bf5 Kh8 21. Bxc8 Rxc8
22. O-O f5 23. Qe2 Rb8 24. Nd1 Bf6 25. Nc3 e4 26. Nb5 Be5 27. f4 exf3 28. Raxf3
Re8 29. Qd1 Qh4 30. Rh3 Qxc4 31. Nc7 Re7 32. Ne6 Nxe6 33. dxe6 Rxe6 34. Rd3 a4
35. Re1 Bd4+ 36. Be3 Bxe3+ 37. Rexe3 Qc5 38. Rc3 Qa7 39. Qc1 Rbe8 40. Kf1 Rxe3
0-1

[Event "34. Copenhagen Open (Politiken Cup)"]
[Site "Elsinore"]
[Date "2012.07.29"]
[Round "2"]
[White "Skovle, Lars"]
[Black "Rasmussen, Morten Fredsgaard"]
[Result "0-1"]
[WhiteElo "1670"]
[BlackElo "1916"]
[PlyCount "58"]
[EventDate "2012.07.28"]
[EventType "swiss"]
[EventRounds "10"]
[EventCountry "DEN"]
[Source "ChessBase"]
[SourceDate "2012.08.24"]

1. e4 c6 2. d4 d5 3. Nc3 dxe4 4. f3 exf3 5. Nxf3 Bg4 6. Bd3 Bxf3 7. Qxf3 Qxd4
8. Be3 Qf6 9. Qg3 Nd7 10. O-O-O g6 11. Ne4 Qe5 12. Bf4 Bh6 13. Rhf1 Bxf4+ 14.
Rxf4 Ngf6 15. Qf2 Nxe4 16. Rxe4 Qg5+ 17. Kb1 O-O 18. h4 Qc5 19. Qe2 Nf6 20. Re5
Qb4 21. c4 Rad8 22. g4 Rd4 23. h5 Rfd8 24. hxg6 hxg6 25. g5 Nh5 26. a3 Qd6 27.
c5 Qb8 28. Rxe7 Nf4 29. Rxb7 Qxb7 0-1

[Event "34. Copenhagen Open (Politiken Cup)"]
[Site "Elsinore"]
[Date "2012.07.29"]
[Round "2"]
[White "Sorensen, Dick"]
[Black "Fossan, Petter"]
[Result "1-0"]
[WhiteElo "2023"]
[BlackElo "2255"]
[PlyCount "79"]
[EventDate "2012.07.28"]
[EventType "swiss"]
[EventRounds "10"]
[EventCountry "DEN"]
[Source "ChessBase"]
[SourceDate "2012.08.24"]

1. c4 g6 2. Nc3 Bg7 3. e4 c5 4. d3 Nc6 5. g3 a6 6. Bg2 Rb8 7. Nge2 d6 8. O-O
Nf6 9. h3 O-O 10. Be3 Bd7 11. Qd2 b5 12. Rae1 Ne8 13. b3 Nd4 14. f4 b4 15. Nd1
f5 16. Kh2 Nc7 17. Nxd4 cxd4 18. Bg1 e5 19. Nb2 Kh8 20. exf5 Bxf5 21. fxe5 dxe5
22. Na4 h5 23. Nc5 Kh7 24. Ne4 Ne6 25. Qe2 Qe7 26. Bf2 Rf7 27. Rc1 Rbf8 28. c5
Bh6 29. Rc2 Bxe4 30. Bxe4 Nxc5 31. Bg2 h4 32. gxh4 Ne6 33. Bg3 Bf4 34. Rf3
Bxg3+ 35. Rxg3 Nf4 36. Qg4 Rf6 37. Be4 Qe6 38. Rc7+ Kg8 39. Qg5 R8f7 40. Rc6
1-0

[Event "34. Copenhagen Open (Politiken Cup)"]
[Site "Elsinore"]
[Date "2012.07.29"]
[Round "2"]
[White "Starostits, Ilmars"]
[Black "Carnstam, Tomas"]
[Result "1-0"]
[WhiteElo "2494"]
[BlackElo "2060"]
[PlyCount "51"]
[EventDate "2012.07.28"]
[EventType "swiss"]
[EventRounds "10"]
[EventCountry "DEN"]
[Source "ChessBase"]
[SourceDate "2012.08.24"]

1. e4 c5 2. c3 d5 3. exd5 Qxd5 4. d4 Nf6 5. Nf3 Bg4 6. Be2 e6 7. h3 Bh5 8. Be3
cxd4 9. cxd4 Bb4+ 10. Nc3 O-O 11. O-O Bxc3 12. bxc3 Nc6 13. c4 Qd7 14. g4 Bg6
15. Ne5 Qc7 16. Bf4 Nxe5 17. Bxe5 Qd7 18. Qb3 Rac8 19. Rad1 b6 20. Qe3 Qb7 21.
Bxf6 gxf6 22. h4 Be4 23. h5 Bg2 24. Rfe1 Be4 25. Qf4 f5 26. Qg5+ 1-0

[Event "34. Copenhagen Open (Politiken Cup)"]
[Site "Elsinore"]
[Date "2012.07.29"]
[Round "2"]
[White "Stojanovski, Sandi"]
[Black "Spiess, Thomas"]
[Result "1/2-1/2"]
[WhiteElo "2191"]
[BlackElo "2007"]
[PlyCount "27"]
[EventDate "2012.07.28"]
[EventType "swiss"]
[EventRounds "10"]
[EventCountry "DEN"]
[Source "ChessBase"]
[SourceDate "2012.08.24"]

1. d4 d5 2. c4 e6 3. Nc3 c6 4. Nf3 Nf6 5. Bg5 dxc4 6. a4 Nbd7 7. e3 Qa5 8. Qc2
b5 9. Bxf6 Nxf6 10. Ne5 Bb7 11. Be2 a6 12. O-O Qb6 13. b3 cxb3 14. Qxb3 1/2-1/2

[Event "34. Copenhagen Open (Politiken Cup)"]
[Site "Elsinore"]
[Date "2012.07.29"]
[Round "2"]
[White "Stolberg Rohr, Thomine"]
[Black "Marttala, Thomas"]
[Result "0-1"]
[WhiteElo "1991"]
[BlackElo "2193"]
[PlyCount "70"]
[EventDate "2012.07.28"]
[EventType "swiss"]
[EventRounds "10"]
[EventCountry "DEN"]
[Source "ChessBase"]
[SourceDate "2012.08.24"]

1. e4 c5 2. Nc3 g6 3. f4 Bg7 4. Nf3 Nc6 5. Bb5 Nd4 6. Bd3 d6 7. Nxd4 cxd4 8.
Ne2 Qb6 9. Bc4 Nf6 10. d3 O-O 11. h3 d5 12. exd5 Nxd5 13. O-O Ne3 14. Bxe3 dxe3
15. d4 Bf5 16. Bd3 Qxb2 17. Bxf5 gxf5 18. Qd3 Rac8 19. c3 Rc6 20. Rab1 Qxa2 21.
Rxb7 e6 22. Qxe3 a5 23. Kh2 a4 24. Ra7 Rb6 25. Nc1 Qc4 26. Rf2 Rb1 27. Rc2 Rfb8
28. Qd3 Qd5 29. Rxa4 Qd6 30. Ne2 Re1 31. Qd2 Rbb1 32. Ra8+ Bf8 33. Rc1 Rxe2 34.
Qxe2 Qxf4+ 35. g3 Qxc1 0-1

[Event "34. Copenhagen Open (Politiken Cup)"]
[Site "Elsinore"]
[Date "2012.07.29"]
[Round "2"]
[White "Svane, Frederik"]
[Black "Fjellengen, Baard"]
[Result "0-1"]
[WhiteElo "1676"]
[BlackElo "1928"]
[PlyCount "100"]
[EventDate "2012.07.28"]
[EventType "swiss"]
[EventRounds "10"]
[EventCountry "DEN"]
[Source "ChessBase"]
[SourceDate "2012.08.24"]

1. e4 g6 2. d4 Bg7 3. c4 d6 4. Nc3 c6 5. Be3 Nd7 6. Be2 Ngf6 7. h3 O-O 8. Nf3
e5 9. d5 c5 10. Qd2 Ne8 11. Qc2 f5 12. Ng5 Ndf6 13. Nf3 Nxe4 14. Nxe4 fxe4 15.
Qxe4 Bf5 16. Qh4 Qxh4 17. Nxh4 Bf6 18. Nxf5 gxf5 19. Rb1 f4 20. Bd2 Bg7 21. Bc3
Nf6 22. Bd3 Rae8 23. Kd2 e4 24. Bxf6 Bxf6 25. Bc2 Bd4 26. f3 e3+ 27. Ke2 Rf7
28. Rhg1 Rg7 29. a3 Kh8 30. Bf5 Reg8 31. g4 fxg3 32. Bg4 Rf8 33. Rg2 Rb8 34. a4
a6 35. b4 h6 36. Bf5 h5 37. Be4 h4 38. Bf5 b6 39. Be4 b5 40. bxc5 Bxc5 41. axb5
axb5 42. cxb5 Ra7 43. Rb2 Rba8 44. Kd3 Ra3+ 45. Ke2 Ra2 46. Kd1 Ra1+ 47. Ke2
R8a2 48. Kd3 Rd1+ 49. Kc2 Rxb2+ 50. Kxb2 Rd2+ 0-1

[Event "34. Copenhagen Open (Politiken Cup)"]
[Site "Elsinore"]
[Date "2012.07.29"]
[Round "2"]
[White "Svanholm, Borge Waaktaar"]
[Black "Brondum, Jan Kraul"]
[Result "1-0"]
[WhiteElo "1905"]
[BlackElo "1647"]
[PlyCount "67"]
[EventDate "2012.07.28"]
[EventType "swiss"]
[EventRounds "10"]
[EventCountry "DEN"]
[Source "ChessBase"]
[SourceDate "2012.08.24"]

1. c4 c5 2. Nf3 Nc6 3. d4 e6 4. d5 Nce7 5. e4 d6 6. Nc3 Nf6 7. Bd3 exd5 8. cxd5
g6 9. Bg5 Bg7 10. Qd2 O-O 11. Bh6 a6 12. a4 Nh5 13. h3 f5 14. Bxg7 Nxg7 15. Qh6
Ne8 16. O-O Nf6 17. exf5 Nxf5 18. Qg5 Qc7 19. Rac1 b6 20. g4 Ne7 21. Kg2 Kg7
22. Bc4 Qd7 23. Rfe1 h5 24. Re6 hxg4 25. hxg4 Rf7 26. Rce1 Nfg8 27. Qh4 Kf8 28.
Ng5 Rf4 29. b3 Qe8 30. Qg3 Rf6 31. Nh7+ Kf7 32. Nxf6 Nxf6 33. Rxe7+ Qxe7 34.
Rxe7+ 1-0

[Event "34. Copenhagen Open (Politiken Cup)"]
[Site "Elsinore"]
[Date "2012.07.29"]
[Round "2"]
[White "Tandrup, Michael"]
[Black "Hansen, Anders1"]
[Result "1-0"]
[WhiteElo "1955"]
[BlackElo "1711"]
[PlyCount "55"]
[EventDate "2012.07.28"]
[EventType "swiss"]
[EventRounds "10"]
[EventCountry "DEN"]
[Source "ChessBase"]
[SourceDate "2012.08.24"]

1. d4 d5 2. Nf3 Nf6 3. e3 e6 4. Bd3 Nbd7 5. b3 c5 6. Bb2 Qc7 7. O-O cxd4 8.
exd4 a6 9. Nbd2 b5 10. Ne5 Nxe5 11. dxe5 Nd7 12. f4 Bc5+ 13. Kh1 h5 14. Nf3 Bb7
15. a4 b4 16. c3 a5 17. cxb4 axb4 18. Rc1 Qb6 19. Bb5 Bc6 20. Bxc6 Qxc6 21. Nd4
Qb6 22. Nb5 Ke7 23. f5 Rag8 24. Qf3 g5 25. f6+ Kd8 26. Qd3 Ke8 27. Bd4 Rg6 28.
Qe3 1-0

[Event "34. Copenhagen Open (Politiken Cup)"]
[Site "Elsinore"]
[Date "2012.07.29"]
[Round "2"]
[White "Tari, Aryan"]
[Black "Vesterli, Michael E"]
[Result "1-0"]
[WhiteElo "2256"]
[BlackElo "2029"]
[PlyCount "95"]
[EventDate "2012.07.28"]
[EventType "swiss"]
[EventRounds "10"]
[EventCountry "DEN"]
[Source "ChessBase"]
[SourceDate "2012.08.24"]

1. Nf3 Nf6 2. g3 g6 3. Bg2 Bg7 4. O-O O-O 5. c4 d6 6. Nc3 Nc6 7. Rb1 e5 8. d3
Re8 9. b4 e4 10. dxe4 Nxe4 11. Nxe4 Rxe4 12. Ng5 Re5 13. b5 Nb8 14. f4 Re7 15.
c5 h6 16. Nf3 d5 17. e4 Rxe4 18. Ne5 Bf5 19. Bxe4 Bxe4 20. Rb4 Qe7 21. Be3 a6
22. bxa6 Nxa6 23. Ra4 c6 24. Bd4 Re8 25. Nxc6 Bxd4+ 26. Nxd4 Qxc5 27. Qb3 Qc8
28. Qb5 Nc7 29. Qb2 Ne6 30. Rc1 Qd7 31. Qb5 Qxb5 32. Nxb5 Rd8 33. Kf2 Bd3 34.
Nd4 b5 35. Nxe6 fxe6 36. Ra6 Kf7 37. Rc7+ Kf6 38. Raa7 Rf8 39. Ke3 Bc4 40. Rh7
h5 41. Kd4 Bf1 42. a3 Bc4 43. Rad7 Be2 44. Ke3 Bc4 45. Kf3 e5 46. Rd6+ Kf5 47.
Re7 e4+ 48. Kg2 1-0

[Event "34. Copenhagen Open (Politiken Cup)"]
[Site "Elsinore"]
[Date "2012.07.29"]
[Round "2"]
[White "Thaler, Toni"]
[Black "Glud, Jakob Vang"]
[Result "0-1"]
[WhiteElo "2075"]
[BlackElo "2498"]
[PlyCount "44"]
[EventDate "2012.07.28"]
[EventType "swiss"]
[EventRounds "10"]
[EventCountry "DEN"]
[Source "ChessBase"]
[SourceDate "2012.08.24"]

1. d4 d5 2. c4 e6 3. Nf3 Nf6 4. Bg5 Be7 5. Nc3 O-O 6. Qc2 Nbd7 7. e3 h6 8. h4
c5 9. O-O-O dxc4 10. Bxc4 cxd4 11. exd4 Nb6 12. Bb3 Bd7 13. Bxf6 Bxf6 14. g4
Bc6 15. d5 Bxd5 16. Nxd5 Nxd5 17. Kb1 Rc8 18. Qe4 Qa5 19. g5 Bxb2 20. Bxd5 exd5
21. Qxd5 Rc1+ 22. Kxb2 Qc3# 0-1

[Event "34. Copenhagen Open (Politiken Cup)"]
[Site "Elsinore"]
[Date "2012.07.29"]
[Round "2"]
[White "Veng, Johny"]
[Black "Schmidt, Horst Hubert"]
[Result "1-0"]
[WhiteElo "2274"]
[BlackElo "1854"]
[PlyCount "101"]
[EventDate "2012.07.28"]
[EventType "swiss"]
[EventRounds "10"]
[EventCountry "DEN"]
[Source "ChessBase"]
[SourceDate "2012.08.24"]

1. Nf3 Nf6 2. c4 e6 3. g3 Be7 4. Bg2 O-O 5. O-O c6 6. d4 d5 7. Nbd2 Nbd7 8. b3
Ne4 9. Nxe4 dxe4 10. Ne5 f5 11. Qc2 Qc7 12. Nxd7 Bxd7 13. f3 Bf6 14. Bb2 exf3
15. Bxf3 c5 16. d5 e5 17. d6 Qxd6 18. Bxb7 Rad8 19. Rad1 Qe7 20. Bd5+ Kh8 21.
e4 f4 22. gxf4 Bh3 23. Rfe1 Bh4 24. Bxe5 Bxe1 25. Rxe1 Qh4 26. Qf2 Qg4+ 27. Qg3
Qxg3+ 28. hxg3 Rfe8 29. Kf2 Bg4 30. Ke3 Re7 31. Rh1 Rde8 32. Bd6 Rd7 33. Bxc5
Be6 34. Bc6 Red8 35. Bxd7 Rxd7 36. f5 Bf7 37. e5 Rc7 38. Bd6 Rc8 39. e6 Be8 40.
Kd4 Bc6 41. Rh2 Kg8 42. b4 a6 43. Ke5 Ra8 44. Bc7 Kf8 45. Kd6 Be4 46. g4 Ke8
47. Ke5 Bd3 48. c5 Rc8 49. Bd6 Bb5 50. g5 Bd3 51. Rxh7 1-0

[Event "34. Copenhagen Open (Politiken Cup)"]
[Site "Elsinore"]
[Date "2012.07.29"]
[Round "2"]
[White "Wadtland, Flemming"]
[Black "Thogersen, Rasmus"]
[Result "0-1"]
[WhiteElo "1612"]
[BlackElo "1885"]
[PlyCount "88"]
[EventDate "2012.07.28"]
[EventType "swiss"]
[EventRounds "10"]
[EventCountry "DEN"]
[Source "ChessBase"]
[SourceDate "2012.08.24"]

1. c4 e5 2. g3 Nc6 3. Bg2 g6 4. Nc3 Bg7 5. Nf3 d6 6. a3 f5 7. d3 Nf6 8. Bg5 Be6
9. Nd5 O-O 10. Nxf6+ Bxf6 11. Bxf6 Qxf6 12. Qc1 Rae8 13. O-O f4 14. Nd2 Nd4 15.
Qd1 g5 16. e3 Nc6 17. Be4 Bf5 18. g4 Bxe4 19. dxe4 f3 20. Kh1 Ne7 21. Rg1 Ng6
22. Rg3 Nh4 23. Qb3 b6 24. Rc1 Kg7 25. Qb5 Rh8 26. b4 h5 27. Rcg1 c5 28. gxh5
Kh6 29. Qd7 Re7 30. Qh3 Rf8 31. Rxg5 Qxg5 32. Rxg5 Kxg5 33. Nf1 cxb4 34. axb4
Kxh5 35. Ng3+ Kg5 36. Nf5 Nxf5 37. exf5 Rxf5 38. Qg3+ Kf6 39. h4 Rg7 40. Qh3 a5
41. e4 Rf4 42. bxa5 bxa5 43. c5 dxc5 44. Qc8 Rxh4+ 0-1

[Event "34. Copenhagen Open (Politiken Cup)"]
[Site "Elsinore"]
[Date "2012.07.29"]
[Round "2"]
[White "Yildiz, Hasan"]
[Black "Gandrud, Vegar Koi"]
[Result "0-1"]
[WhiteElo "2029"]
[BlackElo "2259"]
[PlyCount "56"]
[EventDate "2012.07.28"]
[EventType "swiss"]
[EventRounds "10"]
[EventCountry "DEN"]
[Source "ChessBase"]
[SourceDate "2012.08.24"]

1. c4 c5 2. Nc3 Nc6 3. Nf3 Nf6 4. g3 g6 5. Bg2 Bg7 6. O-O O-O 7. d4 b6 8. Ne5
cxd4 9. Bxc6 dxc6 10. Nxc6 Qc7 11. Nd5 Nxd5 12. cxd5 Bb7 13. Bf4 e5 14. Bd2 Qd7
15. Rc1 Rfc8 16. Qa4 Bf6 17. Qb5 Rd8 18. d6 Kg7 19. Bb4 a5 20. Ba3 Ba6 21. Qxb6
Bxe2 22. f4 Bxf1 23. fxe5 Bg5 24. Qxd4 Kg8 25. Rxf1 Qxc6 26. e6 fxe6 27. b3 Qd5
28. Qb6 Rf8 0-1

[Event "34. Copenhagen Open (Politiken Cup)"]
[Site "Elsinore"]
[Date "2012.07.29"]
[Round "2"]
[White "Zude, Erik"]
[Black "Pedersen, Christopher RNH"]
[Result "1-0"]
[WhiteElo "2384"]
[BlackElo "2041"]
[PlyCount "147"]
[EventDate "2012.07.28"]
[EventType "swiss"]
[EventRounds "10"]
[EventCountry "DEN"]
[Source "ChessBase"]
[SourceDate "2012.08.24"]

1. c4 e6 2. d4 Nf6 3. Nc3 d5 4. cxd5 exd5 5. Bg5 Be7 6. e3 c6 7. Qc2 Nbd7 8.
Bd3 h6 9. Bh4 b6 10. Nf3 Bb7 11. O-O O-O 12. Rad1 Rc8 13. Rfe1 c5 14. Bf5 Ne4
15. Bxe7 Qxe7 16. Ne5 Nxe5 17. Bxc8 Rxc8 18. dxe5 Qxe5 19. Nxe4 dxe4 20. Rd7
Ba6 21. Rxa7 Bd3 22. Qb3 Qf6 23. Qc3 Qg5 24. Rd7 Rc6 25. Rxd3 Rg6 26. g3 exd3
27. Qxd3 Qf6 28. b3 h5 29. Rd1 Kh7 30. Qe4 Kh6 31. h3 h4 32. g4 Qe6 33. Qxe6
Rxe6 34. Rd7 Kg6 35. Kf1 Kf6 36. Ke2 Rc6 37. Rb7 Rd6 38. Rc7 g6 39. Ke1 Ke6 40.
Ke2 f6 41. f4 Kd5 42. a4 g5 43. f5 b5 44. axb5 Rb6 45. Rd7+ Ke5 46. Kd3 Rxb5
47. Kc4 Ra5 48. Re7+ Kd6 49. Re6+ Kd7 50. Rxf6 Ra1 51. Kxc5 Rh1 52. Rf7+ Ke8
53. Rg7 Rxh3 54. Kd4 Rg3 55. Rxg5 h3 56. Rh5 Rxg4+ 57. Ke5 Rb4 58. Rxh3 Rxb3
59. Rh8+ Kf7 60. e4 Rb5+ 61. Kf4 Rb4 62. Rh7+ Kf6 63. Rh6+ Kg7 64. Ra6 Kf7 65.
Ke5 Rb5+ 66. Kd4 Rb4+ 67. Kd5 Rb5+ 68. Kc4 Re5 69. Kd4 Rb5 70. e5 Rb4+ 71. Kd5
Rb7 72. Kd6 Re7 73. Rc6 Kf8 74. Rc8+ 1-0

[Event "34. Copenhagen Open (Politiken Cup)"]
[Site "Elsinore"]
[Date "2012.07.29"]
[Round "3"]
[White "Aartun, Magnus"]
[Black "Hyldkrog, Lars"]
[Result "1/2-1/2"]
[WhiteElo "1800"]
[BlackElo "2041"]
[PlyCount "59"]
[EventDate "2012.07.28"]
[EventType "swiss"]
[EventRounds "10"]
[EventCountry "DEN"]
[Source "ChessBase"]
[SourceDate "2012.08.24"]

1. d4 Nf6 2. c4 e6 3. Nf3 d5 4. Bg5 Nbd7 5. e3 Bb4+ 6. Nbd2 c5 7. cxd5 exd5 8.
a3 Bxd2+ 9. Qxd2 O-O 10. Bb5 Qb6 11. Bxd7 Ne4 12. dxc5 Qxc5 13. Qd4 Qxd4 14.
Nxd4 Bxd7 15. Bh4 Nc5 16. O-O Rfe8 17. Rfd1 Re4 18. Bg3 Ba4 19. Rd2 Nb3 20.
Nxb3 Bxb3 21. Bd6 Rc8 22. Bb4 b6 23. Bc3 a5 24. Rb1 a4 25. Rd4 b5 26. Re1 Rce8
27. Rc1 Rc8 28. Re1 Rce8 29. Rc1 Rc8 30. Re1 1/2-1/2

[Event "34. Copenhagen Open (Politiken Cup)"]
[Site "Elsinore"]
[Date "2012.07.29"]
[Round "3"]
[White "Amarapala, Sherington"]
[Black "Hinrichs, Jan"]
[Result "0-1"]
[WhiteElo "1732"]
[BlackElo "2008"]
[PlyCount "42"]
[EventDate "2012.07.28"]
[EventType "swiss"]
[EventRounds "10"]
[EventCountry "DEN"]
[Source "ChessBase"]
[SourceDate "2012.08.24"]

1. e4 c5 2. Nf3 d6 3. d4 cxd4 4. Nxd4 Nf6 5. Nc3 a6 6. Bc4 e6 7. Bb3 b5 8. a3
Be7 9. Be3 Bb7 10. Bxe6 fxe6 11. Nxe6 Qd7 12. Nd5 Bd8 13. Nef4 Nxe4 14. O-O O-O
15. Qd4 Nf6 16. Rad1 Nc6 17. Nxf6+ Bxf6 18. Qd5+ Qf7 19. Ne6 Nd8 20. Nxd8 Qxd5
21. Rxd5 Bxd5 0-1

[Event "34. Copenhagen Open (Politiken Cup)"]
[Site "Elsinore"]
[Date "2012.07.29"]
[Round "3"]
[White "Ananthan, Arunn"]
[Black "Christenson, Bjorn Aa"]
[Result "1/2-1/2"]
[WhiteElo "1696"]
[BlackElo "1888"]
[PlyCount "79"]
[EventDate "2012.07.28"]
[EventType "swiss"]
[EventRounds "10"]
[EventCountry "DEN"]
[Source "ChessBase"]
[SourceDate "2012.08.24"]

1. e4 e5 2. Nf3 Nc6 3. Bc4 Nf6 4. O-O Bc5 5. d3 h6 6. Be3 Bb6 7. Nc3 d6 8. h3
O-O 9. Nd5 Nxd5 10. Bxd5 Ne7 11. Bb3 c6 12. Qd2 Ng6 13. c3 Qf6 14. Bxb6 axb6
15. Qe3 Nf4 16. Kh2 g5 17. Ng1 Kh8 18. g3 Ng6 19. Ne2 Qg7 20. g4 Be6 21. Ng3
Nf4 22. Ne2 Nxe2 23. Qxe2 Qf6 24. Qe3 c5 25. Kg2 Kg7 26. f3 Bxb3 27. axb3 Qe6
28. c4 b5 29. Qd2 b4 30. Qc2 h5 31. Ra4 Rxa4 32. bxa4 h4 33. b3 Qf6 34. Qd2 Qf4
35. Qxf4 exf4 36. Kf2 Kf6 37. Ke2 Ke5 38. Kd2 Kd4 39. Re1 Ke5 40. Rc1 1/2-1/2

[Event "34. Copenhagen Open (Politiken Cup)"]
[Site "Elsinore"]
[Date "2012.07.29"]
[Round "3"]
[White "Andersen, Rune Egede"]
[Black "Nassetti, Francesco"]
[Result "1-0"]
[WhiteElo "2076"]
[BlackElo "1843"]
[PlyCount "43"]
[EventDate "2012.07.28"]
[EventType "swiss"]
[EventRounds "10"]
[EventCountry "DEN"]
[Source "ChessBase"]
[SourceDate "2012.08.24"]

1. e4 c6 2. c4 d5 3. cxd5 cxd5 4. exd5 Nf6 5. Nc3 Nxd5 6. Bb5+ Bd7 7. Bc4 Bc6
8. Nf3 e6 9. O-O Nf6 10. Ne5 Be7 11. Re1 O-O 12. Qb3 Qb6 13. Bxe6 Qxb3 14. Bxb3
Bd6 15. d4 h6 16. h3 b6 17. Bf4 Bxe5 18. dxe5 Ne8 19. Nd5 Bb7 20. e6 fxe6 21.
Ne7+ Kh7 22. Bc2+ 1-0

[Event "34. Copenhagen Open (Politiken Cup)"]
[Site "Elsinore"]
[Date "2012.07.29"]
[Round "3"]
[White "Bach, Matthias"]
[Black "Rasmussen, Lars"]
[Result "1-0"]
[WhiteElo "2274"]
[BlackElo "1957"]
[PlyCount "77"]
[EventDate "2012.07.28"]
[EventType "swiss"]
[EventRounds "10"]
[EventCountry "DEN"]
[Source "ChessBase"]
[SourceDate "2012.08.24"]

1. e4 c5 2. a3 Nc6 3. b4 cxb4 4. axb4 Nxb4 5. Nc3 d6 6. Bc4 Nf6 7. Ba3 Nc6 8.
Nge2 g6 9. O-O Bg7 10. h3 O-O 11. d3 a6 12. Bb2 Bd7 13. Nd5 Nxd5 14. Bxg7 Kxg7
15. exd5 Ne5 16. Bb3 g5 17. f4 gxf4 18. Nxf4 Ng6 19. Nh5+ Kh8 20. Qd2 f6 21.
Rae1 Rg8 22. Re4 Bxh3 23. Rf3 Bxg2 24. Qxg2 Nh4 25. Rxh4 Qb6+ 26. d4 Rxg2+ 27.
Kxg2 Rg8+ 28. Kf2 Qa5 29. Ng3 Qd2+ 30. Ne2 Qg5 31. Rfh3 Rg7 32. Bc4 Kg8 33. Bd3
Qxd5 34. Bxh7+ Kf8 35. Be4 Qb5 36. Nf4 Qc4 37. Rh8+ Rg8 38. Ng6+ Kg7 39. R3h7#
1-0

[Event "34. Copenhagen Open (Politiken Cup)"]
[Site "Elsinore"]
[Date "2012.07.29"]
[Round "3"]
[White "Bejtovic, Jasmin"]
[Black "Andersen, Morten"]
[Result "1-0"]
[WhiteElo "2408"]
[BlackElo "2181"]
[PlyCount "121"]
[EventDate "2012.07.28"]
[EventType "swiss"]
[EventRounds "10"]
[EventCountry "DEN"]
[Source "ChessBase"]
[SourceDate "2012.08.24"]

1. e4 e6 2. d3 d5 3. Nd2 Nc6 4. Ngf3 e5 5. g3 Nf6 6. Bg2 Bg4 7. h3 Be6 8. O-O
Qd7 9. Ng5 O-O-O 10. c3 h6 11. Nxe6 fxe6 12. b4 g5 13. Qa4 Kb8 14. Re1 d4 15.
b5 dxc3 16. bxc6 cxd2 17. Bxd2 Qxc6 18. Qxc6 bxc6 19. Rab1+ Ka8 20. Bc3 Nd7 21.
f4 gxf4 22. gxf4 Bc5+ 23. Kh1 Bb6 24. Rf1 Rhg8 25. f5 exf5 26. exf5 Kb7 27. Bb4
Rg3 28. f6 Rxd3 29. f7 Nf8 30. Be7 Rb8 31. Rf6 e4 32. Bxe4 Rxh3+ 33. Kg2 Re3
34. Bxc6+ Ka6 35. Bb5+ Kb7 36. Bc6+ Ka6 37. Rf4 Re2+ 38. Kf1 Rxa2 39. Bb5+ Kb7
40. Bc4 Rh2 41. Bd5+ c6 42. Bg2 Ng6 43. Re4 Rh5 44. Re6 Rf5+ 45. Ke1 Rc8 46.
Rxg6 Rxf7 47. Re6 Rc7 48. Bd6 Rc8 49. Rc1 Ba5+ 50. Ke2 Bb6 51. Bf3 a5 52. Be5
Ka7 53. Rcxc6 Rxc6 54. Bxc6 Bc5 55. Bf6 Rc7 56. Kd3 h5 57. Kc4 Bf2 58. Kb5 h4
59. Re8 Rxc6 60. Kxc6 a4 61. Re4 1-0